000 00436nam a22001697a 4500
005 20251108164340.0
008 250721s1986 xx 000 0 ara d
082 1 4 _a692/أيو
100 1 _aأبو ديه، أيوب عيسى
245 1 0 _aعيوب الأبنيه /
264 1 _aعمان :
_c1986.
300 _a316ص
650 1 7 _aالبناء
650 1 7 _aالهندسة المعمارية
942 _2ddc
_cBK
999 _c9969
_d9969